A Study on the Biblical Foundations of Praise and Worship and Its Practices Among the Chin Baptist Association | (Record no. 8310)
[ view plain ]
| 000 -LEADER | |
|---|---|
| fixed length control field | 00625nam a22001697a 4500 |
| 003 - CONTROL NUMBER IDENTIFIER | |
| control field | GBCCL |
| 005 - DATE AND TIME OF LATEST TRANSACTION | |
| control field | 20241126110647.0 |
| 008 - FIXED-LENGTH DATA ELEMENTS--GENERAL INFORMATION | |
| fixed length control field | 191119b ||||| |||| 00| 0 eng d |
| 040 ## - CATALOGING SOURCE | |
| Transcribing agency | GBC |
| 082 ## - DEWEY DECIMAL CLASSIFICATION NUMBER | |
| Classification number | ARCH GBC-2019 |
| Item number | CHI |
| 100 ## - MAIN ENTRY--PERSONAL NAME | |
| Personal name | Chin, Lang Khan |
| 9 (RLIN) | 14435 |
| 245 ## - TITLE STATEMENT | |
| Title | A Study on the Biblical Foundations of Praise and Worship and Its Practices Among the Chin Baptist Association | |
| Statement of responsibility, etc. | Lang Khan Chin |
| 260 ## - PUBLICATION, DISTRIBUTION, ETC. | |
| Date of publication, distribution, etc. | 2019 |
| Place of publication, distribution, etc. | New Lamka: |
| Name of publisher, distributor, etc. | Grace Bible College, |
| 300 ## - PHYSICAL DESCRIPTION | |
| Extent | xv + 50 p ; |
| Dimensions | 21 cm x 29 cm |
| 650 ## - SUBJECT ADDED ENTRY--TOPICAL TERM | |
| Topical term or geographic name entry element | Praise and Worship |
| Form subdivision | Biblical Foundation |
| Chronological subdivision | Chin Baptist Association |
| Geographic subdivision | Lamka |
| -- | Churachandpur |
| 9 (RLIN) | 14436 |
| 942 ## - ADDED ENTRY ELEMENTS (KOHA) | |
| Source of classification or shelving scheme | Dewey Decimal Classification |
| Koha item type | Thesis |
| Withdrawn status | Lost status | Source of classification or shelving scheme | Damaged status | Not for loan | Home library | Current Library | Shelving location | Date acquired | Total checkouts | Full call number | Barcode | Date last seen | Copy number | Price effective from | Koha item type |
|---|---|---|---|---|---|---|---|---|---|---|---|---|---|---|---|
| Dewey Decimal Classification | GRACE BIBLE COLLEGE | GRACE BIBLE COLLEGE | Archives | 2019-11-19 | ARCH GBC-2019 CHI | 025164 | 2025-05-01 | c.1 | 2019-11-19 | Thesis |